| 000 | 00545nam a2200217 a 4500 | ||
|---|---|---|---|
| 999 |
_c4416 _d4416 |
||
| 001 | 4416 | ||
| 003 | BD-JhCC | ||
| 005 | 20171127105438.0 | ||
| 008 | 171127s1967 a|||| |||| 00| 0 eng d | ||
| 035 | _a(BD-JhCC) | ||
| 040 |
_aBD-JhCC _dBD-JhCC |
||
| 041 | _aeng | ||
| 082 |
_a954 _bSMT 1967 |
||
| 100 | _aA. Smith | ||
| 245 |
_aThe oxford history of India / _cA. Smith |
||
| 260 |
_aLondon : _bOxford At the Clarendon Press, _c1967 |
||
| 300 |
_a898 p. : _bill. ; _c22cm. |
||
| 650 |
_aIndia _xHistory |
||
| 942 |
_2ddc _cBK |
||